000 00846nam0a22002411 4500
001 rc\909463
005 20041129094705.5
035 _a(NLR Aleph) 006084330
090 _a5112570
_c5112570
100 _a20041129d1983 u |0rusy50 ca
101 0 _arus
102 _aRU
105 _ay |||||||||
200 1 _aМетодика производственного обучения по регулированию сельскохозяйственной техники
_e[Для сред. сел. проф.-техн. училищ]
210 _aМинск
_cВышэйшая школа
_d1983
215 _a118 с.
_d21
320 _aБиблиогр.: с. 116
700 1 _aХамица
_bЕ. Н.
_gЕлена Николаевна
801 0 _aRU
_bNLR
_gpsbo
801 1 _aRU
_bELAR
_2rusmarc
852 _aNLR
_j84-3/2819
942 _cBOOK
980 _aNB